000 00562nam a2200145Ia 4500
008 170221s9999 xx 000 0 und d
100 _aAnis Aklima Kamarudin
245 _aImprovement Initial Solution Water Flow Like Algorithm Using Simulated Annealing for Travelling Salesman Problem
245 _cAnis Aklima Kamarudin, Zulaiha Ali Othman, Hafiz Mohd Sarim
260 _bInternational Review of Management and Marketing
260 _c2012
300 _a2 : 2
650 _xMarketing.
856 _uhttp://www.econjournals.com/index.php/irmm/issue/view/97
999 _c313991
_d313991